Ekonomika riadenia obchodného podniku

Uložené v:
Podrobná bibliografia
Hlavný autor: Doležal, Václav
Korporativný autor: Vysoká škola ekonomická v Bratislave. Obchodná fakulta
Médium: Kniha
Jazyk:Slovak
Vydavateľské údaje: Bratislava Vysoká škola ekonomická 1982
Tagy: Pridať tag
Žiadne tagy, Buďte prvý, kto otaguje tento záznam!

MARC

LEADER 00000nam a2200000 4500
001 c138652
005 20221220095718.4
041 0 |a slo 
044 |a SK 
245 1 0 |a Ekonomika riadenia obchodného podniku  |c Václav Doležal a kol. 
264 1 |a Bratislava  |b Vysoká škola ekonomická  |c 1982 
300 |a 249 s. 
100 1 |a Doležal, Václav 
710 2 |a Vysoká škola ekonomická v Bratislave. Obchodná fakulta